Szczegóły MARC21

Gimnastyka : ćwiczenia gimnastyczno-taneczne kształtujące i gibkościowe, stretching, elementy supercallanetics /

003 -Nazwa inst., której nr kontr. jest w polu 001 [,]
    • @
    • Nazwa instytucji, której n kontrolny jest w polu 001
    • NUKAT
005 -DATA I CZAS OSTATNIEJ MODYFIKACJI [,]
    • @
    • pole kontrolne
    • 20241231111253.0
040 -Instytucja sporządzająca opis [ , ]
    • a
    • Instytucja, która sporządziła opis (NP)
    • WA M/HB
    • c
    • Instytucja, która sporządziła rekord (NP)
    • WA M/HB
    • d
    • Instytucja, która zmodyfikowała rekord (P)
    • WA M/ES
    • d
    • Instytucja, która zmodyfikowała rekord (P)
    • SZCZ U/JSs
942 -Rodzaj dokumentu [ , ]
    • c
    • Rodzaj dokumentu
    • Książka
100 -Hasło główne - nazwa osobowa [1, ]
    • a
    • Nazwa osobowa (NP)
    • Nowak, Maria
    • c
    • Dopowiedzenie inne niż daty biograficzne (P)
    • (gimnastyka).
    • 9
    • KHW
    • 18451
245 -Strefa tytułu i oznaczenia odpowiedzialności [1,0]
    • a
    • Tytuł
    • Gimnastyka : Find
    • b
    • Ciąg dalszy tytułu (NP)
    • ćwiczenia gimnastyczno-taneczne kształtujące i gibkościowe, stretching, elementy supercallanetics / Find
    • c
    • Pozostałe elementy strefy tytułu i oznaczenia odpowiedzialności (NP)
    • Maria Nowak.
260 -Strefa adresu wydawniczego [ , ]
    • a
    • Miejsce wydania (P)
    • [S.l. :
    • b
    • Nazwa wydawcy (P)
    • s.n.,
    • c
    • Data wydania (P)
    • 1993
    • e
    • Miejsce druku (NP)
    • (Warszawa :
    • f
    • Nazwa drukarni (P)
    • Wojskowe Zakłady Graficzne]).
300 -Strefa opisu fizycznego [ , ]
    • a
    • Określenie formy książki i/lub objętość (NP)
    • 103, [1] s. :
    • b
    • Oznaczenie ilustracji (NP)
    • il. ;
    • c
    • Format (NP)
    • 24 cm.
336 -Typ zawartości [ , ]
    • a
    • Termin opisujący typ zawartości
    • Tekst
    • b
    • Kod określający zawartość
    • txt
    • 2
    • Źródło (terminu i kodu)
    • rdacontent
337 -Typ mediów [ , ]
    • a
    • Tryb odtwarzania
    • Bez urządzenia pośredniczącego
    • b
    • Kod typu mediów
    • n
    • 2
    • Źródło (terminu i kodu)
    • rdamedia
338 -Typ/rodzaj nośnika [ , ]
    • a
    • Hasło opisujące typ nośnika
    • Wolumin
    • b
    • Kod typu nośnika
    • nc
    • 2
    • Źródło (terminu i kodu)
    • rdacarrier
504 -Uwaga dot. bibliogr. załącznikowej [ , ]
    • a
    • Uwaga dot. bibliografii załącznikowej
    • Bibliogr. s. [104].
510 -Uwaga dot. cytaty bibliograficznej [4, ]
    • a
    • Nazwa źródła
    • Data wyd. wg: PB '1994,
    • c
    • Umiejscowienie w źródle
    • poz. 2679.
650 -Hasło przedmiotowe [ ,7]
    • a
    • Hasło przedmiotowe
    • Gimnastyka i taniec rytmiczny.
    • 2
    • Źródło terminu
    • kaba
    • 9
    • KHW
    • 181674
650 -Hasło przedmiotowe [ ,7]
    • a
    • Hasło przedmiotowe
    • Stretching.
    • 2
    • Źródło terminu
    • kaba
    • 9
    • KHW
    • 164376
Numer inwentarzowy Status udost. Data inwentaryzacji Lokalizacja Sygnatura
W.191283-31997-07-31BGW.191283
W.191284-31997-07-31BGW.191283
W.191285-31997-07-31BGW.191283
Z.9000911997-07-31BGZ.90009
W.199327-31999-06-23BG 
WF.508321997-07-31BM 
WF.508411997-07-31BMGimnastyka 05